| 000 | 00696aam a2200217 4500 | ||
|---|---|---|---|
| 005 | 20170214190126.0 | ||
| 008 | 150409b xxu||||| |||| 00| 0 spa d | ||
| 041 | _aspa | ||
| 082 | _a371.393 G1663 | ||
| 100 |
_aGallego Badillo, Rómulo _932443 |
||
| 245 | _aCorrientes constructivistas: de los mapas conceptuales a la teoría de la transformación intelectual | ||
| 260 |
_aColombia _bMagisterio _c1995 |
||
| 300 | _a164 páginas | ||
| 650 |
_aCONSTRUCTIVISMO _940350 |
||
| 650 |
_aMÉTODOS DE ENSEÑANZA _91033 |
||
| 650 |
_aEDUCACIÓN _9286 |
||
| 650 |
_aMAPAS CONCEPTUALES _919346 |
||
| 650 |
_aTRANSFORMACIÓN INTELECTUAL _932445 |
||
| 650 |
_aPEDAGOGÍA OPERATORIA _932446 |
||
| 942 | _cBK | ||
| 999 |
_c4418 _d4418 |
||